India 50 years of independence 1947-97 : (Record no. 136402)
[ view plain ]
| 000 -LEADER | |
|---|---|
| fixed length control field | 01030nam a22002297a 4500 |
| 010 ## - LIBRARY OF CONGRESS CONTROL NUMBER | |
| LC control number | A-945804 |
| 020 ## - INTERNATIONAL STANDARD BOOK NUMBER | |
| International Standard Book Number | 8170189802(Set) |
| Terms of availability | 225 |
| 035 ## - SYSTEM CONTROL NUMBER | |
| System control number | A-945804 |
| 037 ## - SOURCE OF ACQUISITION | |
| Stock number | Cen Lib / Ret |
| 040 ## - CATALOGING SOURCE | |
| Original cataloging agency | DPL |
| Language of cataloging | EN |
| 082 ## - DEWEY DECIMAL CLASSIFICATION NUMBER | |
| Classification number | 954 |
| Item number | IND |
| 100 ## - MAIN ENTRY--PERSONAL NAME | |
| Personal name | Samanta, R. K. |
| 245 ## - TITLE STATEMENT | |
| Title | India 50 years of independence 1947-97 : |
| Remainder of title | status, growth and development / |
| Statement of responsibility, etc | by R. K. Samanta and M. R. Hegde |
| 260 ## - PUBLICATION, DISTRIBUTION, ETC. (IMPRINT) | |
| Place of publication, distribution, etc | Delhi |
| Name of publisher, distributor, etc | B.R Publishing Corporatoin |
| Date of publication, distribution, etc | 1998 |
| 270 ## - ADDRESS | |
| Address | 1 Ansari Road Darya Ganj |
| City | New Delhi |
| Postal code | 110002 |
| 300 ## - PHYSICAL DESCRIPTION | |
| Extent | ( v 1. 200 ; v 2. xv, 158 ; v 3. 156 ; v 4. 257 ; v 5. 253p. ; v 6. 212 ; v 7. 206 ; v 8. 129 ; v 9. vii, 157) |
| Other physical details | 24cm(Hb) |
| 505 ## - FORMATTED CONTENTS NOTE | |
| Formatted contents note | v 1. Chronology of Important events ; v 2. Agriculture ; v 3. Ayurveda ; v 4. External trade ; v 5. Education ; v 6. Buddhism ; v 7. Women writers literary interviews ; v 8. Architecture ; v 9. Publishing) |
| 650 ## - SUBJECT ADDED ENTRY--TOPICAL TERM | |
| Topical term or geographic name as entry element | India -- Independence |
| 650 ## - SUBJECT ADDED ENTRY--TOPICAL TERM | |
| Topical term or geographic name as entry element | India -- Growth and Development |
| 700 ## - ADDED ENTRY--PERSONAL NAME | |
| Personal name | Hegde, M. R. |
| 942 ## - ADDED ENTRY ELEMENTS (KOHA) | |
| Source of classification or shelving scheme | Dewey Decimal Classification |
| Koha item type | English Books |
| Classification part | 954 |
| Call number suffix | IND |
| Withdrawn status | Lost status | Materials specified (bound volume or other part) | Damaged status | Not for loan | Collection code | Home library | Current library | Date acquired | Source of acquisition | Cost, normal purchase price | Total Checkouts | Full call number | Barcode | Date last seen | Copy number | Cost, replacement price | Price effective from | Koha item type |
|---|---|---|---|---|---|---|---|---|---|---|---|---|---|---|---|---|---|---|
| v 5 | Not For Loan | Reference | Central Library | Central Library | 01/03/2016 | Cen Lib/Ret | 325.00 | 954 IND | A-945807 | 01/03/2016 | 5 | 325.00 | 01/03/2016 | English Books | ||||
| v 4 | Not For Loan | Reference | Central Library | Central Library | 01/03/2016 | Cen Lib/Ret | 325.00 | 954 IND | A-945806 | 01/03/2016 | 4 | 325.00 | 01/03/2016 | English Books | ||||
| v 3 | Not For Loan | Reference | Central Library | Central Library | 01/03/2016 | Cen Lib/Ret | 325.00 | 954 IND | A-945805 | 01/03/2016 | 3 | 325.00 | 01/03/2016 | English Books | ||||
| v 2 | Not For Loan | Reference | Central Library | Central Library | 01/03/2016 | Cen Lib/Ret | 325.00 | 954 IND | A-945804 | 01/03/2016 | 2 | 325.00 | 01/03/2016 | English Books | ||||
| v 7 | Not For Loan | Reference | Central Library | Central Library | 01/03/2016 | Cen Lib/Ret | 250.00 | 954 IND | A-945809 | 01/03/2016 | 7 | 360.00 | 01/03/2016 | English Books | ||||
| v 6 | Not For Loan | Reference | Central Library | Central Library | 01/03/2016 | Cen Lib/Ret | 250.00 | 954 IND | A-945808 | 01/03/2016 | 6 | 250.00 | 01/03/2016 | English Books | ||||
| v 9 | Not For Loan | Reference | Central Library | Central Library | 05/03/2016 | Cen Lib/Ret | 250.00 | 954 IND | A-945811 | 05/03/2016 | 250.00 | 05/03/2016 | English Books | |||||
| v 8 | Not For Loan | Reference | Central Library | Central Library | 15/03/2016 | Cen Lib/Ret | 200.00 | 954 IND | A-945810 | 15/03/2016 | 1 | 200.00 | 15/03/2016 | English Books |
